| 000 | 00565nam a22001577a 4500 | ||
|---|---|---|---|
| 003 | NUST | ||
| 038 | _aNusrat Nadeem | ||
| 082 | _a200 | ||
| 100 |
_aNaseer, Aqsa _9130979 |
||
| 245 |
_aLMBT-Net: A Lightweight MobileNet-Based Framework for Brain Tumor Classification via Knowledge Distillation and Model Compression/ _cAqsa Naseer, |
||
| 264 |
_aIslamabad: _bSEECS NUST. _c2025. |
||
| 650 |
_aMS-Information Technology _926924 |
||
| 700 |
_aSupervisor: Dr. Shah Khalid _9112628 |
||
| 856 | _uhttp://10.250.8.41:8080/xmlui/handle/123456789/55585 | ||
| 942 |
_2ddc _cSC |
||
| 999 |
_c615104 _d615104 |
||